La economía descalza: señales desde el mundo invisible

La obra analiza el propósito de promover un desarrollo que se refiera a personas y no a objetos cuyo fin no debe ser ni produccionismo, ni consumismo, sino la satisfacción de las necesidades humanas.

Saved in:
Bibliografiske detaljer
Hovedforfatter: Max-Neef, Manfred
Format: Bog
Sprog:Spanish
Udgivet: Bogotá: Nordan Comunidad, 1985
Serier:Colección pensamiento descalzo; No. 1
Fag:
Online adgang:Enlace del recurso
Tags: Tilføj Tag
Ingen Tags, Vær først til at tagge denne postø!

MARC

LEADER 00000nam a2200000 a 4500
001 000601
008 031015s1985 ck a fr# #000|0#spa#d
020 |a 958-9091-55-5 
041 0 |a spa 
043 |a s-ck--- 
082 0 4 |a 338.91  |b M153 
100 1 |a Max-Neef, Manfred 
245 1 3 |a La economía descalza:  |b señales desde el mundo invisible   |c Manfred Max-Neef 
260 |a Bogotá:  |b Nordan Comunidad,  |c 1985 
300 |a 248 p.:  |b il. 
440 0 |a Colección pensamiento descalzo;  |v No. 1 
520 3 |a La obra analiza el propósito de promover un desarrollo que se refiera a personas y no a objetos cuyo fin no debe ser ni produccionismo, ni consumismo, sino la satisfacción de las necesidades humanas. 
534 |p Título original:  |t From the outside looking in : experiences in barefoot economics 
650 1 4 |a PROYECTOS DE DESARROLLO ECONÓMICO  |z AMÉRICA DEL SUR 
650 1 4 |a PROYECTOS DE DESARROLLO RURAL 
999 |c 2753  |d 2753 
856 |u https://catalogo.idep.edu.co/cgi-bin/koha/opac-detail.pl?biblionumber=2753  |z Enlace del recurso